000 01005cam a2200313 a 4500
999 _c30782
_d30782
001 15490192
005 20201007124129.0
008 081020s2009 maua b 001 0 eng
010 _a 2008045309
020 _a9780205578696 (alk. paper)
020 _a0205578691 (alk. paper)
035 _a(OCoLC)ocn176890574
040 _aDLC
_cDLC
_dYDX
_dBTCTA
_dBAKER
_dYDXCP
_dDLC
043 _an-us---
050 0 0 _aHQ 1061 .N883 2009
082 0 0 _a305.26
_222
100 1 _aNovak, Mark.
245 1 0 _aIssues in aging /
_cMark Novak.
250 _a2nd ed.
260 _aBoston :
_bPearson/A&B,
_cc2009.
300 _axv, 487 p. :
_bill. ;
_c26 cm.
504 _aIncludes bibliographical references (p. 410-472) and index.
650 0 _aGerontology.
650 0 _aAging.
650 0 _aOlder people
_xSocial conditions.
650 0 _aOlder people
_zUnited States
_xSocial conditions.
906 _a7
_bcbc
_corignew
_d1
_eecip
_f20
_gy-gencatlg
942 _2lcc
_cBOOKS
_hHQ 1061 .N883 2009